00329nam a2200109Ia 4500008004100000082001800041100001700059245006800076260004300144630001800187650001400205211109s9999||||xx |||||||||||||| ||und|| a658.84bVAK-F aVakil, C N,  0aFalling Rupee: A Study In War Finance And Luflation School Of E bBobban T TheckelaChanganacherryc1943 xGeneral Stack xGeneralia